000 00591nam a2200193Ia 4500
003 GCL
008 140319s9999 xx 000 0 eng d
040 _aGCL /
_cGCL
082 0 4 _a338.9
_bL E
100 1 _aNEZHA, LAHRICHI BENAMOUR
245 1 0 _aENERGIE ET TIERS - MONDE NON PETROLIER DE LA PROBLEMATIQUE GENERALE A L'ETUDE DU CAS MAROCAIN /
_cNEZHA, LAHRICHI BENAMOUR
260 _a[S.N] :
_bEDITIONS MAGHREBINES ،
_c1985
300 _a840 P
650 0 4 _aECONOMICS
650 0 4 _aECONOMIC PLANNING
650 0 4 _aECONOMIC SITUATION
650 0 4 _aMOROCCO - ECONOMY
942 _2ddc
_cBK
999 _c20621
_d20621